Underpinning a thing of the past? (Record no. 63369)

MARC details
000 -LEADER
fixed length control field 00834cam a2200205 4500
001 - CONTROL NUMBER
control field WB3618-02
008 - FIXED-LENGTH DATA ELEMENTS--GENERAL INFORMATION
fixed length control field 000000n2000 000 0 eng u
035 ## - SYSTEM CONTROL NUMBER
System control number (Sirsi) u105826
245 ## - TITLE STATEMENT
Title Underpinning a thing of the past?
260 ## - PUBLICATION, DISTRIBUTION, ETC.
Date of publication, distribution, etc. 2000
490 ## - SERIES STATEMENT
Series statement New Civil Engineer
Volume/sequential designation (1353) 4 May 2000, 7(1)
520 ## - SUMMARY, ETC.
Summary, etc. Discusses a new masonry reinforcement technique which could do away with the need for underpinning except in extreme cases of subsidence. The method is discussed in "Masonry crack damage: its origin, diagnosis, philosophy and a basis for repair" by Cook, Ledbetter, Ring and Wenzel on http://www.ice.org.uk.
590 ## - LOCAL NOTE (RLIN)
Local note WB
650 ## - SUBJECT ADDED ENTRY--TOPICAL TERM
Topical term or geographic name entry element UNDERPINNING
650 ## - SUBJECT ADDED ENTRY--TOPICAL TERM
Topical term or geographic name entry element SUBSIDENCE
650 ## - SUBJECT ADDED ENTRY--TOPICAL TERM
Topical term or geographic name entry element MASONRY REINFORCEMENT
650 ## - SUBJECT ADDED ENTRY--TOPICAL TERM
Topical term or geographic name entry element BUILDING DEFECTS
690 ## - LOCAL SUBJECT ADDED ENTRY--TOPICAL TERM (OCLC, RLIN)
Topical term or geographic name as entry element BUILT ENVIRONMENT-BUILDING PATHOLOGY
942 ## - ADDED ENTRY ELEMENTS (KOHA)
Suppress in OPAC 0
Holdings
Withdrawn status Lost status Source of classification or shelving scheme Damaged status Not for loan Home library Current library Shelving location Date acquired Total Checkouts Full call number Barcode Date last seen Copy number Price effective from Koha item type
    Dewey Decimal Classification     London London News article 05/05/2000   WB3618-02 105826-1001 06/08/2019 1 06/08/2019 News article